| 000 | 00740nam a22002297a 4500 | ||
|---|---|---|---|
| 003 | UA-OsUOA | ||
| 001 | 82600 | ||
| 007 | ta | ||
| 008 | 20120314b un ||||| |||| 00| 0 ukr d | ||
| 090 |
_a82-94 _bП77 |
||
| 942 | _cBK | ||
| 040 |
_aUA-OsUOA _bukr _cUA-OsUOA _dUA-OsUOA |
||
| 245 |
_aПрислів'я та приказки: Природа. Господарська діяльність людини _cупоряд. Пазяк М.М., відп. ред. Мишанич С.В. |
||
| 300 | _a480 с. | ||
| 955 | _a2 | ||
| 041 | _aukr | ||
| 080 | _a82-94 | ||
| 020 | _a5-12-001089-Х | ||
| 260 |
_aК. _bНаук. думка _c1989 |
||
| 650 | 7 |
_a82 Література. Літературознавство _2UDC |
|
| 999 |
_c368918 _d368918 |
||